000 01684nam a22002657a 4500
999 _c59407
_d59407
003 Ge_BSU
005 20230210130059.0
008 230210s2001 ge ||||| |||| 00| 0 geo d
041 _ageo
080 _a355.1(479.22)+342.742(479.22) ქ-27
245 _aქართული ჯარი :
_bკანონსა და სინამდვილეს შორის /
_c[ავტ.: ირაკლი სესიაშვილი, ლევან პაიჭაძე, დავით დარჩიაშვილი და სხვ.] ; ასოციაცია "სამართალი და თავისუფლება".
264 _aთბილისი,
_c2001.
300 _a196 გვ. ;
_b20 სმ.
653 _aსაქართველოს არმია
653 _aჯარისკაცთა უფლებები
653 _aსაქართველოს სამხედრო კანონმდებლობა.
700 _aსესიაშვილი, ირაკლი
_eავტორი
_9936
700 _aპაიჭაძე, ლევან
_eავტორი
_916882
700 _aდარჩიაშვილი, დავით
_eავტორი
_93480
700 _aკიკალეიშვილი, მამუკა
_eავტორი
_916883
700 _aკიკალეიშვილი, დავით
_eავტორი
_916884
700 _aალაფიშვილი, ლევან
_eავტორი
_916885
710 _aასოციაცია "სამართალი და თავისუფლება".
_916886
942 _2udc
_cBK